000 02544ncm0a2200433 4500
001 RU\NLR\ONIZ\224939
005 20250626152819.0
013 _a979-0-66004-011-9
035 _aRU\NLR\ONIZ\natafirs\5000002983\20190204153957
035 _a(NLR Aleph) 011931066
071 2 0 _aс 4011 к
090 _a11039056
_c11039056
100 _a20190204d2006 |||y0rusy50 ca
101 0 _arus
102 _aRU
125 _aay
128 _achs
145 0 _ac
200 1 _aЦикл детских песен "Говорящий сверчок" или Маленькая песенная симфония
_bНоты
_eдля дет. хора и фп. с топаньем, хлопаньем и лаем
_fС. В. Плешак
_gна стихи О. М. Сердобольского
210 _aСанкт-Петербург
_cКомпозитор - Санкт-Петербург
_d2006
215 _a18 с.
_cил.
_d29 см
300 _aКрат. биогр. справки : с. 1.
300 _aЛит. текст: с. 2
313 _aСистематизация документа проведена по изданию - Методика классифицирования музыкальных произведений (нотных изданий) по таблицам Библиотечно-библиографических классификаций : метод. рекомендации / Гос. б-ка СССР им. В.И. Ленина.- М., 1977. Индексу ББК методических рекомендаций присваивается код ББК для научных библиотек - LBC/SL
500 0 0 _aГоворящий сверчок или Маленькая песенная симфония
_bНоты
_lцикл песен
_rдетский хор
_rфортепиано
606 1 _aДетские песни для хора
_yРоссия
_z21 в.
_2nlr_sh
686 _aЩ941.8-42-043.2(2Р)
_vLBC/SL
_2rubbk
700 1 _9z01790
_aПлешак
_bС. В.
_f1970-
_gСергей Викторович
_4230
_7ca
702 1 _9z02790
_aСердобольский
_bО.М.
_f1944-
_gОлег Михайлович
_4520
_7ca
790 1 _9z01700
_aPlešak
_bS. V.
_f1970-
_gSergej Viktorovič
_4230
_7ba
790 1 _9z02702
_aSerdobol'skij
_bO. M.
_f1944-
_gOleg Mixajlovič
_4520
_7ba
801 0 _aRU
_bNLR
_c20190204
_gPSBO
801 1 _aRU
_bNLR
_c20190204
_2rusmarc
801 2 _aRU
_bNLR
_c20190322
852 _aNLR
_bМ
_jК-3/29760
_p268008
_t1
942 _cSCORE
980 _aNB
980 _aONIZ